000 00527nam a2200217Ia 4500
003 OSt
005 20220924134909.0
006 a|||||r|||| 00| 0
007 ta
008 220923b |||||||| |||| 00| 0 ben d
024 _a287695
037 _cTextual
040 _aARTS
_cARTS
_bben
041 _2ben
_aben
082 _aM2v2:N5, 152L2
100 _aPal
245 0 _aBharater sambad patra
_b 1780 - 1947
260 _c1972
942 _hM2v2:N5, 152L2
_cTEXL
_2CC
999 _c438969
_d438969